Score 0/20 Timer 04:00
1 Play Today
% Correct
Sisterhood of the Traveling Pants
91.1%
Sixteen Candles
88.9%
17 Again
87.4%
10 Things I Hate About You
84.9%
Empire Records
84.7%
I Know What You Did Last Summer
78.5%
Bring It On
76.5%
The Craft
76.3%
American Pie
75.6%
Dazed and Confused
72%
% Correct
Cruel Intentions
69.3%
Ferris Bueller's Day Off
66.8%
The Breakfast Club
63.2%
Napoleon Dynamite
59.7%
Clueless
55.4%
Mean Girls
54.2%
Heathers
50.2%
The Perks of Being a Wallflower
47.9%
Easy A
42.5%
Superbad
26.6%
Remove Ads.
Support Sporcle.
Get the best of Sporcle when you Go Orange. This ad-free experience offers more features, more stats, and more fun while also helping to support Sporcle. Thank you for becoming a member.

You're not logged in!

Compare scores with friends on all Sporcle quizzes.
OR
Log In

Show Comments

Extras

Top Quizzes Today


Score Distribution

Your Account Isn't Verified!

In order to create a playlist on Sporcle, you need to verify the email address you used during registration. Go to your Sporcle Settings to finish the process.

Report this User

Report this user for behavior that violates our Community Guidelines.

Details: